000 00279nam a2200133Ia 4500
100 _aRam/ B.
250 _a5
942 _cBK
654 _amicroprocessors
245 _aMicroprocessors and microcomputers
260 _bDhanpat Rai
_c2001
082 _a4.16
546 _aENGLISH
999 _c24671
_d24671